| 000 | 01627nam0a2200397 4500 | ||
|---|---|---|---|
| 001 | RU\NLR\bibl\381695 | ||
| 005 | 20260407111407.0 | ||
| 010 |
_a5-292-02821-5 _9200 |
||
| 021 |
_aRU _b2002-65335 _93173 |
||
| 035 | _a(NLR Aleph) 000376098 | ||
| 090 |
_a426060 _c426060 |
||
| 100 | _a20030220d2002 |||y0rusy50 ca | ||
| 101 | 0 | _arus | |
| 102 | _aRU | ||
| 105 | _aa ||||||||| | ||
| 200 | 1 |
_aАскин Яков Фомич. Творческий портрет философа _fСарат. гос. ун-т им. Н.Г. Чернышевского _g[Сост. Р. Д. Клочковская и др.] |
|
| 210 |
_aСаратов _cИзд-во Сарат. ун-та _d2002 |
||
| 215 |
_a89,[2] с. _cил., портр. _d13 |
||
| 517 | 0 | _aТворческий портрет философа | |
| 600 | 1 |
_aАскин _bЯ.Ф. _f1926 - 1997 _gЯков Фомич _92287199 _3RU\NLR\auth\661369982 |
|
| 600 | 1 |
_aАскин _bЯ. Ф. _f1926-1997 _gЯков Фомич _2psbo |
|
| 606 | 0 |
_aФилософия русская _z20 в. _91134925 _3RU\NLR\auth\66132117 |
|
| 610 | 0 | _aРусская философия | |
| 675 |
_a1(470)(093.3) _v3 _zrus |
||
| 686 |
_a02 _2rugasnti |
||
| 686 |
_a87.3(2) _2rubbk |
||
| 686 | _aЮ3(2)7 | ||
| 702 | 1 |
_aКлочковская _bР. Д. _4220 |
|
| 712 | 0 | 2 |
_4570 _aСаратовский государственный университет им. Н. Г. Чернышевского _9373195 _3RU\NLR\AUTH\889939158 |
| 801 | 0 |
_aRU _bRKP _c20030220 _gPSBO |
|
| 801 | 1 |
_aRU _bRKP _c20030220 |
|
| 801 | 2 |
_aRU _bNLR _c20070109 _grcr |
|
| 942 | _cBOOK | ||
| 980 | _aNB | ||
| 980 | _aNBR | ||